Countries of the World but the Map is Broken - Statistics

General Stats
  • This quiz has been taken 36 times
  • The average score is 136 of 196
Answers on the Map
Answers color-coded by a green-red scale on the quiz's map according to % correct below.
 
Answer Stats
Country % Correct
Canada
96%
United States
96%
Russia
88%
Australia
83%
Brazil
83%
China
83%
Mexico
83%
Panama
83%
Costa Rica
79%
Cuba
79%
Democratic Republic of the Congo
79%
Finland
79%
Lithuania
79%
Mongolia
79%
Nicaragua
79%
Norway
79%
Poland
79%
Republic of the Congo
79%
Sweden
79%
Ukraine
79%
United Kingdom
79%
Argentina
75%
Bahamas
75%
Belarus
75%
Belize
75%
Bolivia
75%
Chile
75%
Colombia
75%
Denmark
75%
Dominica
75%
Estonia
75%
France
75%
Guatemala
75%
Guyana
75%
Honduras
75%
Iceland
75%
India
75%
Ireland
75%
Japan
75%
Latvia
75%
New Zealand
75%
North Korea
75%
Paraguay
75%
Peru
75%
South Africa
75%
Suriname
75%
Uruguay
75%
Vatican City
75%
Afghanistan
71%
Albania
71%
Algeria
71%
Andorra
71%
Angola
71%
Austria
71%
Belgium
71%
Croatia
71%
Dominican Republic
71%
Ecuador
71%
Egypt
71%
Germany
71%
Haiti
71%
Hungary
71%
Indonesia
71%
Italy
71%
Jamaica
71%
Liechtenstein
71%
Luxembourg
71%
Mali
71%
Malta
71%
Moldova
71%
Morocco
71%
Netherlands
71%
Niger
71%
Nigeria
71%
North Macedonia
71%
Pakistan
71%
Portugal
71%
Saudi Arabia
71%
Serbia
71%
Slovakia
71%
Slovenia
71%
Somalia
71%
South Korea
71%
Spain
71%
Switzerland
71%
Thailand
71%
Togo
71%
Turkey
71%
United Arab Emirates
71%
Venezuela
71%
Zambia
71%
Zimbabwe
71%
Azerbaijan
67%
Barbados
67%
Benin
67%
Bhutan
67%
Bosnia and Herzegovina
67%
Botswana
67%
Bulgaria
67%
Burkina Faso
67%
Cambodia
67%
Cameroon
67%
Chad
67%
Cyprus
67%
Czech Republic
67%
El Salvador
67%
Equatorial Guinea
67%
Eritrea
67%
Federated States of Micronesia
67%
Fiji
67%
Gambia
67%
Ghana
67%
Greece
67%
Guinea
67%
Guinea-Bissau
67%
Ivory Coast
67%
Jordan
67%
Kazakhstan
67%
Kenya
67%
Kosovo
67%
Kyrgyzstan
67%
Laos
67%
Liberia
67%
Malaysia
67%
Maldives
67%
Mauritania
67%
Mauritius
67%
Monaco
67%
Myanmar
67%
Namibia
67%
Nauru
67%
Nepal
67%
Oman
67%
Palau
67%
Papua New Guinea
67%
Philippines
67%
Romania
67%
Rwanda
67%
Saint Kitts and Nevis
67%
San Marino
67%
Senegal
67%
Seychelles
67%
South Sudan
67%
Sri Lanka
67%
Sudan
67%
Taiwan
67%
Tajikistan
67%
Tanzania
67%
Trinidad and Tobago
67%
Tunisia
67%
Turkmenistan
67%
Uganda
67%
Vanuatu
67%
Vietnam
67%
Yemen
67%
Antigua and Barbuda
63%
Armenia
63%
Bahrain
63%
Bangladesh
63%
Cape Verde
63%
Comoros
63%
Central African Republic
63%
Djibouti
63%
Ethiopia
63%
Gabon
63%
Georgia
63%
Iran
63%
Iraq
63%
Israel
63%
Kiribati
63%
Kuwait
63%
Lebanon
63%
Lesotho
63%
Libya
63%
Madagascar
63%
Marshall Islands
63%
Montenegro
63%
Mozambique
63%
Qatar
63%
Saint Lucia
63%
Samoa
63%
Singapore
63%
Solomon Islands
63%
Syria
63%
Tonga
63%
Uzbekistan
63%
Brunei
58%
Burundi
58%
São Tomé and Príncipe
58%
East Timor
58%
Eswatini
58%
Grenada
58%
Malawi
58%
Saint Vincent and the Grenadines
58%
Sierra Leone
58%
Tuvalu
58%
No matching quizzes found
Score Distribution
Percent of People with Each Score
Percentile by Number Answered
Your Score History
You have not taken this quiz